The Smiths - Guess the Title from Lyrics - Statistics

General Stats
  • This quiz has been taken 69 times
  • The average score is 4 of 9
Answer Stats
Lyrics Song % Correct
"And then leave me alone Don't try to wake me in the morning 'Cause I will be gone" Asleep
72%
"Oh, with loves and hates, and passions just like mine
They were born and then they lived and then they died"
Cemetry Gates
57%
"How can they look into my eyes And still they don't believe me? How can they hear me say those words Still they don't believe me?" The Boy With the Thorn in His Side
56%
"When you laugh about the people who feel so very lonely, their only desire is to die, well I'm afraid it doesn't make me smile" That Joke Isnt Funny Anymore
52%
"Gasping but somehow still alive This is the fierce last stand of all I am Gasping, dying but somehow still alive This is the final stand of all I am" Well I Wonder
49%
"Prudence never pays And everything she wants costs money" Girl Afraid
48%
"I don't have much in my life But take it, it's yours" Unloveable
26%
"The note I wrote as she read
She said, "Has the perrier gone
Straight to my head
Or is life sick and cruel, instead?"
I Wont Share You
18%
"I touched you at the soundcheck You had no real way of knowing In my heart, I begged, "Please, take me with you" Paint a Vulgar Picture
15%
No matching quizzes found
Score Distribution
Percent of People with Each Score
Percentile by Number Answered
Your Score History
You have not taken this quiz